Khảo sát khả năng ức chế enzyme α-amylase và α-glucosidase từ cao chiết vỏ trái măng cụt (Garcinia mangostana Linn.) : Luận văn Thạc sĩ. Chuyên ngành Công nghệ Sinh học
Khảo sát khả năng ức chế enzyme α-amylase và α-glucosidase từ cao chiết vỏ trái măng cụt (Garcinia mangostana Linn.) ứng dụng vào lĩnh vực y sinh, góp phần hạn chế những tác dụng phụ do thuốc tây mang lại trong quá trình điều trị bệnh...
Gespeichert in:
| 1. Verfasser: | |
|---|---|
| Format: | Buch |
| Sprache: | Undetermined |
| Veröffentlicht: |
Cần Thơ
Trường Đại học Cần Thơ
2016
|
| Schlagworte: | |
| Tags: |
Tag hinzufügen
Keine Tags, Fügen Sie den ersten Tag hinzu!
|
| Thư viện lưu trữ: | Trung tâm Học liệu Trường Đại học Cần Thơ |
|---|
| LEADER | 01200nam a2200217Ia 4500 | ||
|---|---|---|---|
| 001 | CTU_212720 | ||
| 008 | 210402s9999 xx 000 0 und d | ||
| 082 | |a 615.321 | ||
| 082 | |b H507 | ||
| 088 | |a 60420201 | ||
| 100 | |a Tưởng, Lê Tú Huê | ||
| 245 | 0 | |a Khảo sát khả năng ức chế enzyme α-amylase và α-glucosidase từ cao chiết vỏ trái măng cụt (Garcinia mangostana Linn.) : | |
| 245 | 0 | |b Luận văn Thạc sĩ. Chuyên ngành Công nghệ Sinh học | |
| 245 | 0 | |c Tưởng Lê Tú Huê ; Nguyễn Minh Chơn (Cán bộ hướng dẫn) | |
| 260 | |a Cần Thơ | ||
| 260 | |b Trường Đại học Cần Thơ | ||
| 260 | |c 2016 | ||
| 520 | |a Khảo sát khả năng ức chế enzyme α-amylase và α-glucosidase từ cao chiết vỏ trái măng cụt (Garcinia mangostana Linn.) ứng dụng vào lĩnh vực y sinh, góp phần hạn chế những tác dụng phụ do thuốc tây mang lại trong quá trình điều trị bệnh | ||
| 650 | |a Cây dược liệu,Medicinal plants | ||
| 904 | |i Nguyên | ||
| 980 | |a Trung tâm Học liệu Trường Đại học Cần Thơ | ||